A geologic time scale 2004 / (Record no. 162110)

MARC details
000 -LEADER
fixed length control field 00755cam a2200241 a 4500
008 - FIXED-LENGTH DATA ELEMENTS--GENERAL INFORMATION
fixed length control field
049 ## - LOCAL HOLDINGS (OCLC)
Holding library MAIN
050 00 - LIBRARY OF CONGRESS CALL NUMBER
Classification number QE508
Item number GRA
003 - CONTROL NUMBER IDENTIFIER
control field
005 - DATE AND TIME OF LATEST TRANSACTION
control field 20230123134223.0
040 ## - CATALOGING SOURCE
Transcribing agency NUST
245 02 - TITLE STATEMENT
Title A geologic time scale 2004 /
Statement of responsibility, etc. edited by Felix M. Gradstein, James G. Ogg, and Alan G. Smith.
260 ## - PUBLICATION, DISTRIBUTION, ETC.
Place of publication, distribution, etc. Cambridge :
Name of publisher, distributor, etc. Cambridge University Press,
Date of publication, distribution, etc. 2004.
300 ## - PHYSICAL DESCRIPTION
Extent xix, 589 [24] p. of plates :
Other physical details ill. (some col.) ;
Dimensions 28 cm.
504 ## - BIBLIOGRAPHY, ETC. NOTE
Bibliography, etc. note Includes bibliographical references.
500 ## - GENERAL NOTE
General note Includes index.
650 #0 - SUBJECT ADDED ENTRY--TOPICAL TERM
Topical term or geographic name entry element Geological time.
700 1# - ADDED ENTRY--PERSONAL NAME
Personal name Gradstein, F. M.
700 1# - ADDED ENTRY--PERSONAL NAME
Personal name Ogg, James G.
700 1# - ADDED ENTRY--PERSONAL NAME
Personal name Smith, A. Gilbert.
907 ## - LOCAL DATA ELEMENT G, LDG (RLIN)
a .b10206140
b 21-03-12
c 22-06-06
942 ## - ADDED ENTRY ELEMENTS (KOHA)
Koha item type Ordinary Loan Books
Holdings
Date last seen Total Checkouts Full call number Barcode Cost, replacement price Price effective from Koha item type Lost status Source of classification or shelving scheme Damaged status Not for loan Collection Withdrawn status Home library Current library Shelving location Date acquired Cost, normal purchase price
01/23/2023 1 QE508 GRA 92003025451 80.00 01/23/2023 BOOKS   LCC     NFIC   MAIN MAIN GEN 01/23/2023 80.00